|
|
|
|
| LEADER |
00000cam a2200000 i 4500 |
| 001 |
1/45074 |
| 008 |
070525s2007 gr | ||| |||| ||gre|| |
| 020 |
|
|
|a 9607803396
|
| 035 |
|
|
|l 10088023
|
| 040 |
|
|
|a GR-MyUa
|b gre
|e AACR2
|
| 041 |
1 |
|
|a gre
|h eng
|
| 082 |
7 |
|
|a 327.1
|2 (22)
|
| 100 |
1 |
|
|a Mearsheimer, John J.
|
| 245 |
1 |
2 |
|a Η τραγωδία της πολιτικής των μεγάλων δυνάμεων /
|c John Mearsheimer ; μετάφραση: Κωνσταντίνος Κολιόπουλος ; επιστημονική επιμέλεια: Παναγιώτης Ήφαιστος, Ηλίας Κουσκουβέλης.
|
| 260 |
|
|
|a Αθήνα :
|b Ποιότητα,
|c 2007.
|
| 300 |
|
|
|a 798 σ. ;
|c 21 εκ.
|
| 504 |
|
|
|a Περιλαμβάνει βιβλιογραφίες.
|
| 500 |
|
|
|a Τίτλος πρωτοτύπου: The tragedy of great power politics.
|
| 650 |
|
0 |
|a World politics
|y 19th century.
|
| 650 |
|
0 |
|a World politics
|y 20th century.
|
| 650 |
|
0 |
|a International relations
|x Political aspects.
|
| 700 |
1 |
|
|a Ήφαιστος, Παναγιώτης,
|e edt
|
| 700 |
1 |
|
|a Κουσκουβέλης, Ηλίας Ι.
|e edt
|
| 700 |
1 |
|
|a Κολιόπουλος, Κωνσταντίνος Τ.
|e trl
|
| 852 |
|
|
|a INST
|b RHODES
|e 20070525
|h 327.1 MEA
|p 005400026558
|q 005400026558
|t BK
|y 0
|
| 852 |
|
|
|a INST
|b RHODES
|e 20070525
|h 327.1 MEA
|p 005400026559
|q 005400026559
|t BK
|y 0
|
| 901 |
|
|
|a BIBL4-2007-2
|
| 970 |
|
|
|a Μισσός
|b Σταύρος
|z 2007/05/25
|